000 00456cam a2200193ua 4500
001 3933
008 111209n ii |||gr||||Z||||||asm
020 _a81-7339-107-6
040 _cMAIN
082 _a891.4511
100 1 _aTalukdar, Nanda,
245 1 1 _aKabi aru kabita
_cby Nanda Talukdar
250 _a3rd.
260 _aGuwahati:
_bBanalata,
_c2006.
300 _a214p:
_c23cm.
653 _aAssamese poem
653 _aKabi aru kabita
942 _cBK
999 _c3755
_d3755